Cartografia de Belice y Yucatán / (Record no. 187228)

MARC details
000 -LEADER
campo de control de longitud fija 00781nam a2200205 i 4500
001 - NÚMERO DE CONTROL
campo de control 187228
003 - IDENTIFICADOR DE NÚMERO DE CONTROL
campo de control SpMaBN
005 - FECHA Y HORA DE LA ÚLTIMA TRANSACCIÓN
campo de control 20230906222841.0
008 - DATOS DE LONGITUD FIJA--INFORMACIÓN GENERAL
campo de control de longitud fija 170516s1978 sp bf |||| | spa d
080 ## - NÚMERO DE LA CLASIFICACIÓN DECIMAL UNIVERSAL
Número de la Clasificación Decimal Universal 016:912(728.2)
080 ## - NÚMERO DE LA CLASIFICACIÓN DECIMAL UNIVERSAL
Número de la Clasificación Decimal Universal 016:912(726.4)
100 1# - ENTRADA PRINCIPAL--NOMBRE DE PERSONA
Nombre de persona Calderón Quijano, José Antonio.
9 (RLIN) 33626
245 10 - MENCIÓN DEL TÍTULO
Título Cartografia de Belice y Yucatán /
Mención de responsabilidad, etc. José Antonio Calderón Quijano.
260 ## - PUBLICACIÓN, DISTRIBUCIÓN, ETC.
Lugar de publicación, distribución, etc. Sevilla :
Nombre del editor, distribuidor, etc. Escuela de Estudios Hispano-Americanos,
Fecha de publicación, distribución, etc. 1978.
300 ## - DESCRIPCIÓN FÍSICA
Extensión 39 p., [8] h. de map., [22] p. de map. (algunas pleg.) ;
Dimensiones 25 cm.
651 #7 - PUNTO DE ACCESO ADICIONAL DE MATERIA--NOMBRE GEOGRÁFICO
Nombre geográfico Belice-
Subdivisión de forma Mapas.
9 (RLIN) 162690
651 #7 - PUNTO DE ACCESO ADICIONAL DE MATERIA--NOMBRE GEOGRÁFICO
Nombre geográfico Yucatán (Península)-
Subdivisión de forma Mapas.
9 (RLIN) 162691
710 2# - ENTRADA AGREGADA--NOMBRE DE ENTIDAD CORPORATIVA
Nombre de entidad corporativa o nombre de jurisdicción como elemento de entrada Escuela de Estudios Hispano-Americanos (Sevilla)
9 (RLIN) 134366
852 ## - LOCALIZACIÓN
Ubicación ES-MaACL
Número de control de estantería L-31573
Nota libre . - Dedicatoria autógrafa del autor
Holdings
Estatus retirado Estado de pérdida Estado de daño No para préstamo Biblioteca de origen Biblioteca actual Ubicación en estantería Fecha de adquisición Fuente de adquisición Total de préstamos Signatura topográfica completa Código de barras Visto por última vez Precio de reemplazo Tipo de ítem Koha
        Biblioteca del Ateneo de Madrid Biblioteca del Ateneo de Madrid Depósito 2 16/05/2017     L-31573 1197569 23/02/2023 23/02/2023 Libro impreso